[Event "Open"]
[Site "Bled SLO"]
[Date "2001.03.31"]
[Round "8"]
[White "Krivec,J"]
[Black "Kukovec,B"]
[Result "1-0"]
[WhiteElo "2219"]
[BlackElo "2083"]

1.e4 c5 2.Nf3 Nc6 3.d4 cxd4 4.Nxd4 Qc7 5.Nc3 e6 6.g3 a6 7.Bg2 Nf6 8.O-O Bc5
9.Nb3 Ba7 10.Bf4 Ne5 11.Nc1 d6 12.Nd3 Nfd7 13.Qe2 O-O 14.Be3 Bxe3 15.Qxe3 Nc4
16.Qe2 Nde5 17.Nd1 b5 18.f4 Nxd3 19.cxd3 Qb6+ 20.Kh1 Na5 21.Ne3 Nc6 22.f5 Ne5
23.f6 Qd4 24.fxg7 Kxg7 25.Qf2 Kg8 26.Rad1 Bb7 27.Qf4 Nxd3 28.Qg5+ Kh8 29.Rxd3 Qxb2
30.Rxd6 f5 31.Rd7 Bc6 32.Rc7  1-0

[Event "Spring Festival"]
[Site "Bucharest ROM"]
[Date "2001.04.06"]
[Round "1"]
[White "Vajda,Al"]
[Black "Dumitrache,D"]
[Result "1/2-1/2"]
[WhiteElo "2409"]
[BlackElo "2425"]

1.e4 c5 2.Nf3 Nc6 3.d4 cxd4 4.Nxd4 Qc7 5.Nc3 e6 6.Be3 Nf6 7.f3 Bb4 8.Nb5 Qb8
9.a3 Be7 10.g4 h6 11.Qd2 a6 12.Nd4 Nxd4 13.Bxd4 d6 14.O-O-O b5 15.h4 e5 16.Be3 b4
17.Na4 bxa3 18.b3 Be6 19.Nb6 Ra7 20.Nd5 Bxd5 21.Bxa7 Qxa7 22.exd5 O-O 23.Kb1 Rb8
24.Ka2 a5 25.c4 Nd7 26.Rb1  1/2-1/2

[Event "ch-CUB"]
[Site "Las Tunas CUB"]
[Date "2001.04.07"]
[Round "7"]
[White "Leyva,R"]
[Black "Gongora,M"]
[Result "1-0"]
[WhiteElo "2400"]
[BlackElo "2417"]

1.e4 c5 2.Nf3 Nc6 3.d4 cxd4 4.Nxd4 Qc7 5.Nc3 e6 6.Be3 a6 7.Qd2 Nf6 8.f3 b5
9.g4 h6 10.O-O-O Bb7 11.h4 Nxd4 12.Bxd4 e5 13.Be3 Bb4 14.Bh3 d5 15.g5 Nh5
16.exd5 Rd8 17.g6 Rxd5 18.Qxd5 Bxd5 19.Nxd5 Qd6 20.Nxb4 Qxb4 21.Rd5 O-O 22.gxf7+ Kxf7
23.Rxe5 Ng3 24.Bd2 Qd4 25.Rhe1 Rd8 26.Bc3 Qf4+ 27.Kb1 Qxh4 28.Be6+ Kg6 29.a3 Qf4
30.Bb3 Qxf3 31.Ka2 Rd7 32.R5e3 Qf2 33.Be5 Nh5 34.R1e2 Qf1 35.c3 Nf6 36.Bxf6 gxf6
37.Rg3+ Kh7 38.Bg8+ Kh8 39.Re8 Qf2 40.Bb3+ Kh7 41.Bg8+ Kh8 42.Rg2 Qc5 43.b4 Qg5
44.Be6+ Kh7 45.Rxg5 Rd2+ 46.Kb3 fxg5 47.Bf5+ Kg7 48.Re6 Rf2 49.Bc2 Rf6 50.Rxf6 Kxf6
51.Bd1 Kf5 52.c4 bxc4+ 53.Kxc4 g4 54.a4 Kf4 55.Bxg4 Kxg4 56.b5  1-0

[Event "FSGM April"]
[Site "Budapest HUN"]
[Date "2001.04.08"]
[Round "2"]
[White "Fogarasi,T"]
[Black "Lanzani,M"]
[Result "1-0"]
[WhiteElo "2446"]
[BlackElo "2399"]

1.e4 c5 2.Nf3 Nc6 3.d4 cxd4 4.Nxd4 Qb6 5.Nb3 Nf6 6.Nc3 e6 7.Bd3 a6 8.Be3 Qc7
9.f4 d6 10.Qf3 b5 11.g4 Bb7 12.g5 Nd7 13.O-O-O Be7 14.Kb1 Nc5 15.Rhf1 Nxd3
16.cxd3 g6 17.Qf2 Qd7 18.h4 O-O-O 19.Bb6 Rdf8 20.d4 d5 21.e5 h5 22.Nc5 Bxc5
23.Bxc5 Ne7 24.a4 Bc6 25.axb5 Bxb5 26.Nxb5 axb5 27.Qe2 Re8 28.Rc1 Kb7 29.Bd6 Rc8
30.Bxe7 Qxe7 31.Qxb5+ Ka8 32.Rf3 Rxc1+ 33.Kxc1 Rc8+ 34.Kb1 Qb7 35.Qa5+ Qa7
36.Qb5 Qb7 37.Qa4+ Qa7 38.Qb4 Rb8 39.Qd6 Rxb2+ 40.Kxb2 Qxd4+ 41.Rc3 Qd2+
42.Rc2 Qd4+ 43.Ka2  1-0

[Event "FSIMA April"]
[Site "Budapest HUN"]
[Date "2001.04.08"]
[Round "2"]
[White "Nezar,M"]
[Black "Valenti,G"]
[Result "1-0"]
[WhiteElo "2292"]
[BlackElo "2206"]

1.e4 c5 2.Nf3 Nc6 3.d4 cxd4 4.Nxd4 Qb6 5.Nb5 Nf6 6.Nd2 a6 7.Nc4 Qd8 8.Be3 axb5
9.Bb6 bxc4 10.Bxd8 Nxd8 11.e5 Ng8 12.Bxc4 Nc6 13.f4 e6 14.O-O Bc5+ 15.Kh1 Nge7
16.Qg4 Nf5 17.Bd3 h5 18.Qh3 Ne3 19.Rf3 Ng4 20.Qg3 Nd4 21.Rff1 Nf5 22.Qe1 Nge3
23.Rf3 h4 24.h3 O-O 25.c3 Ng3+ 26.Kh2 Nef5 27.a4 b5 28.b4 Ba7 29.Bxb5 Bb7
30.Rd3 Be4 31.Rad1 Bxd3 32.Bxd3 Be3 33.Bxf5 Nxf5 34.a5 Bxf4+ 35.Kg1 d5 36.exd6 Bxd6
37.c4 Rfc8 38.c5 Bg3 39.Qc3 e5 40.Rd7 Bf4 41.Qc4 Rf8 42.c6 e4 43.c7 Be3+
44.Kf1 Ba7 45.Qc6 Rae8 46.b5 Ng3+ 47.Ke1 Bg1 48.Rd2 e3 49.Re2 Bf2+ 50.Rxf2 exf2+
51.Kxf2 Ne4+ 52.Kg1  1-0

[Event "Arthur Andersen Simul"]
[Site "Neuilly-Sur-Seine FRA"]
[Date "2001.04.08"]
[Round "?"]
[White "Shirov,A"]
[Black "Hattu,A"]
[Result "1/2-1/2"]
[WhiteElo "2723"]
[BlackElo "2153"]

1.e4 c5 2.Nf3 Nc6 3.d4 cxd4 4.Nxd4 Qc7 5.Nc3 e6 6.Be2 a6 7.O-O Nf6 8.Be3 Bb4
9.Na4 Bd6 10.g3 b5 11.Nb6 Rb8 12.Nxc6 Qxc6 13.Nxc8 Rxc8 14.Bd3 Be5 15.a4 b4
16.Qe2 a5 17.c3 bxc3 18.Rac1 O-O 19.f4 Bb8 20.bxc3 Nxe4 21.Bd4 f5 22.Bb5 Qd6
23.Rfd1 Qe7 24.c4 Bd6 25.Kg2 Bc5 26.Bxd7 Qxd7 27.Bxc5 Qc6 28.Bxf8 Nc3+ 29.Qf3 Qxf3+
30.Kxf3 Nxd1 31.Bd6 Nb2 32.c5 Nd3 33.Rd1 Nb4 34.g4 Kf7 35.Be5 fxg4+ 36.Kxg4 Nd5
37.Rc1 Ke7 38.c6 Nb4 39.c7 Nd3 40.Rc6 Nxe5+ 41.fxe5 Kd7 42.Rd6+ Ke7 43.Rc6  1/2-1/2

[Event "Open"]
[Site "Metz FRA"]
[Date "2001.04.15"]
[Round "9"]
[White "Sokolov,And"]
[Black "Shchekachev,A"]
[Result "1-0"]
[WhiteElo "2568"]
[BlackElo "2543"]

1.e4 c5 2.Nf3 Nc6 3.d4 cxd4 4.Nxd4 Qc7 5.Nc3 e6 6.Be2 a6 7.O-O Nf6 8.Be3 Be7
9.f4 d6 10.Qe1 O-O 11.Qg3 Nxd4 12.Bxd4 b5 13.a3 Bb7 14.Kh1 Bc6 15.Rae1 Qb7
16.Bd3 b4 17.axb4 Qxb4 18.Ne2 Qb7 19.Nc3 g6 20.Re3 Qb4 21.Ne2 Nh5 22.Qf2 Bf6
23.Rh3 Bxd4 24.Nxd4 Bb7 25.Be2 Bxe4 26.Bxh5 gxh5 27.Rxh5 Qxb2 28.f5 Bxf5
29.Nxf5 exf5 30.Qxf5 h6 31.Rxh6 Qg7 32.Rh4  1-0

[Event "TSGM"]
[Site "Belgrade YUG"]
[Date "2001.04.23"]
[Round "3"]
[White "Vuckovic,Bo"]
[Black "Pavlovic,Mi"]
[Result "1/2-1/2"]
[WhiteElo "2479"]
[BlackElo "2501"]

1.e4 c5 2.Nf3 Nc6 3.d4 cxd4 4.Nxd4 Qc7 5.Nc3 e6 6.Be2 a6 7.O-O Nf6 8.Kh1 Nxd4
9.Qxd4 Bc5 10.Qd3 b5 11.f4 Bb7 12.Bf3 h5 13.e5 Ng4 14.Bxb7 Qxb7 15.Ne4 Rc8
16.a4 b4 17.Bd2 Be7 18.c3 bxc3 19.Bxc3 Nh6 20.Qf3 Qa8 21.Nd2 Qxf3 22.Rxf3 Nf5
23.Rd3 Rc6 24.g3 d5 25.exd6 Bxd6 26.Rd1 O-O 27.Kg2 Rb8 28.Kf3 Ne7 29.Ne4 Bc7
30.Rd7 Nd5 31.R1xd5 exd5 32.Rxd5 f6 33.Rxh5 Bd6 34.Nxd6 Rxd6 35.Rc5 Re8 36.Rc7 Rde6
37.Kg4 R8e7 38.Rc8+ Kh7 39.a5 Rd7 40.Rb8 Rd5 41.Rb7 Kh6 42.Kf3 Kg6 43.Rc7 Rd3+
44.Kg4 Re2 45.Rc6 Rxh2 46.Rxa6 Rg2 47.f5+ Kh7 48.Kf4 Rgxg3 49.Bd4 Rh3 50.Ke4 Rd1
51.Rd6 Rh4+ 52.Ke3 Rh3+ 53.Ke2 Rhd3 54.a6 R1d2+ 55.Ke1 Rxb2 56.Bxb2 Rxd6
57.a7 Ra6 58.Bd4 Kh6 59.Kd2 Kg5 60.Kc3 Kxf5 61.Kb4 Ke4 62.Kb5 Rxa7 63.Bxa7 f5
64.Kc4 f4 65.Kc3 Kf3 66.Kd4 g5 67.Ke5 g4 68.Kf5 g3 69.Kg5 g2 70.Kh4 Ke2 71.Kh3 f3
72.Kg3  1/2-1/2

[Event "TSGM"]
[Site "Belgrade YUG"]
[Date "2001.04.25"]
[Round "5"]
[White "Estrada Nieto,J"]
[Black "Matulovic,M"]
[Result "1/2-1/2"]
[WhiteElo "2371"]
[BlackElo "2420"]

1.e4 c5 2.Nf3 Nc6 3.d4 cxd4 4.Nxd4 Qc7 5.Nb5 Qb8 6.Bd3 Nf6 7.O-O g6 8.f4 d6
9.h3 Bg7 10.Be3 a6 11.N5c3 b5 12.Nd2 Nd7 13.Nf3 Bb7 14.Qe1 Nb4 15.a3 Nxd3
16.cxd3 Qd8 17.Qf2 O-O 18.f5 e6 19.fxe6 fxe6 20.Bg5 Qb6 21.Qxb6 Nxb6 22.Be7 Rf7
23.Bxd6 Rd8 24.Bc5 Na4 25.Nxa4 bxa4 26.Ng5 Rxf1+ 27.Rxf1 Bc8 28.d4 Bxd4+
29.Bxd4 Rxd4 30.Rc1 Bd7 31.Rc7 Rd1+ 32.Kf2 h6 33.Nf3 Bb5  1/2-1/2

[Event "XXXVI Capablanca Mem Premier I"]
[Site "Havana CUB"]
[Date "2001.05.08"]
[Round "4"]
[White "Reinaldo Castineira,R"]
[Black "Gongora,M"]
[Result "0-1"]
[WhiteElo "2425"]
[BlackElo "2417"]

1.e4 c5 2.Nf3 Nc6 3.d4 cxd4 4.Nxd4 Qc7 5.Nc3 e6 6.Be3 a6 7.Bd3 b5 8.O-O Bb7
9.Nb3 Nf6 10.f4 d6 11.a3 Be7 12.Qf3 g6 13.Qh3 h5 14.Be2 b4 15.axb4 Nxb4 16.e5 Ne4
17.Bd4 Nxc2 18.exd6 Bxd6 19.Bxh8 Qb6+ 20.Kh1 Qxb3 21.Nxe4 Qxh3 22.Nxd6+ Ke7
23.Nxb7 Qe3 24.Rac1 Qxe2 25.Be5 Ne3 26.Rg1 Nd5 27.Rge1 Qf2 28.Nd6 f6 29.Ne4 Qb6
30.Bd6+ Kf7 31.b4 Rd8 32.Bc5 Qb8 33.Rcd1 Nxf4 34.Bd6 Qa8 35.Rc1 Rxd6 36.Rc7+ Kf8  0-1

[Event "FSIMB May"]
[Site "Budapest HUN"]
[Date "2001.05.10"]
[Round "6"]
[White "Tian Tian"]
[Black "Kaposztas,M"]
[Result "1-0"]
[WhiteElo "2302"]
[BlackElo "2273"]

1.e4 c5 2.Nf3 Nc6 3.d4 cxd4 4.Nxd4 Qc7 5.Nb5 Qb8 6.c4 a6 7.N5c3 e6 8.Be3 Nf6
9.Be2 d6 10.O-O Be7 11.f4 O-O 12.Bf3 Qc7 13.Nd2 Bd7 14.Rc1 Rfe8 15.Qe2 Rac8
16.Qf2 Nb4 17.Be2 Qb8 18.g4 Rf8 19.g5 Ne8 20.Qg3 f6 21.Qh3 Nc7 22.Nf3 Rce8
23.g6 h6 24.f5 exf5 25.Bxh6 fxe4 26.Qh4 Bf5 27.Bxg7 Qa7+ 28.Kh1 Bxg6 29.Qh8+ Kf7
30.Ng5+  1-0

[Event "TCh-YUG Women"]
[Site "Herceg Novi YUG"]
[Date "2001.05.17"]
[Round "4"]
[White "Stojanovic,Na"]
[Black "Cosma,E"]
[Result "0-1"]
[WhiteElo "2111"]
[BlackElo "2331"]

1.e4 c5 2.Nf3 Nc6 3.d4 cxd4 4.Nxd4 Qc7 5.Nc3 e6 6.Be2 a6 7.O-O Nf6 8.Kh1 Nxd4
9.Qxd4 Bc5 10.Qd3 b5 11.f4 Bb7 12.Bf3 h5 13.e5 Ng4 14.Bxb7 Qxb7 15.Ne4 Rc8
16.Bd2 Be7 17.a3 Qc6 18.Bb4 f5 19.Nd6+ Bxd6 20.Bxd6 Qxc2 21.Qd4 Qe4 22.Bc5 Qxd4
23.Bxd4 Rc6 24.Rac1 Kf7 25.Bc5 Nh6 26.b4 Rd8 27.Rcd1 Ng8 28.Rd3 Ne7 29.Rfd1 Nd5
30.g3 a5 31.Kg2 axb4 32.axb4 Ra8 33.Kf3 Ra2 34.R1d2 Rca6 35.h4 Rxd2 36.Rxd2 Ra3+
37.Kf2 Rb3 38.Rd4 Ke8 39.Bd6 Kd8 40.Kg2 Kc8 41.Kh3 Kb7 42.Bf8 Kc6 43.Bc5 Rb2  0-1

[Event "TCh-YUG"]
[Site "Herceg Novi YUG"]
[Date "2001.05.19"]
[Round "6"]
[White "Boskovic,D"]
[Black "Vojinovic,G"]
[Result "0-1"]
[WhiteElo "2341"]
[BlackElo "2449"]

1.e4 c5 2.Nf3 Nc6 3.d4 cxd4 4.Nxd4 Qc7 5.Nc3 e6 6.g3 a6 7.Bg2 Nf6 8.O-O h6
9.Nce2 Bc5 10.c4 Ne7 11.a3 d6 12.b3 O-O 13.Bb2 e5 14.Nc2 Ng4 15.b4 Ba7 16.h3 Nf6
17.Qd3 Be6 18.Ne3 Bxe3 19.Qxe3 Bxc4 20.f4 Nd7 21.Rfd1 b5 22.Rd2 Qa7 23.Qxa7 Rxa7
24.Kf2 Nc8 25.h4 Re8 26.fxe5 dxe5 27.Rad1 Be6 28.Nc3 Ncb6 29.Bf1 Bb3 30.Re1 Nf6
31.Rd6 Rb7 32.Rc1 Ng4+ 33.Ke1 Ne3 34.Rc6 Nxf1 35.Kxf1 Nc4 36.Ba1 Ra8 37.Ke2 Nxa3
38.Nd5 Bxd5 39.exd5 Nc4 40.Kd3 Rd7 41.Ke4 h5 42.d6 Nxd6+ 43.Kxe5 Nc4+ 44.Kf4 Rd3
45.g4 hxg4 46.Kxg4 Ra3 47.Kf4 Rh3 48.Kg4 Re3 49.Rf1 Ne5+ 50.Bxe5 Rxe5 51.Rc7 Re4+
52.Kg5 Rf8 53.Ra7 Rxb4 54.Rxa6 Re8 55.Rf5 f6+ 56.Kg6 Rg4+  0-1

[Event "65th ch-BUL"]
[Site "Tsarevo BUL"]
[Date "2001.05.19"]
[Round "9"]
[White "Kozhuharov,S"]
[Black "Nikolov,M"]
[Result "1/2-1/2"]
[WhiteElo "2322"]
[BlackElo "2299"]

1.e4 c5 2.Nf3 Nc6 3.d4 cxd4 4.Nxd4 Qb6 5.Nb3 Nf6 6.Nc3 e6 7.Qe2 d6 8.g4 a6
9.g5 Nd7 10.Bg2 Be7 11.Bd2 Qc7 12.O-O-O O-O 13.f4 Re8 14.h4 b5 15.h5 b4 16.Na4 a5
17.Qf2 Nc5 18.Nbxc5 dxc5 19.Nxc5 Ne5 20.fxe5 Bxc5 21.Qg3 a4 22.Kb1 b3 23.Bc3 Ba6
24.cxb3 axb3 25.a3 Red8 26.Rd6 Bxd6 27.exd6 Qxd6 28.Qxd6 Rxd6 29.e5 Bd3+
30.Kc1 Rdd8 31.Bxa8 Rxa8 32.Rh4 Rc8 33.Kd2 Bc4 34.Ke3 Kf8 35.h6 g6 36.Rd4 Bd5
37.Rb4 Ke8 38.a4 Kd7 39.Kd3 Kc6 40.a5 Kd7 41.a6 Ra8 42.Rb6 Rc8 43.Rd6+ Ke8
44.a7 Rd8 45.Kd4 Rc8 46.Ba5 Rc4+ 47.Kd3 Rc8 48.Rxd5 exd5 49.Bc7 Ra8 50.Bb8 Kd7
51.Kc3 Ke6 52.Kxb3 Kf5 53.Kc3 Ke4 54.Kd2 Kd4 55.Ke2 Ke4 56.b3 Kd4 57.Kd2 Ke4  1/2-1/2

[Event "TCh-YUG"]
[Site "Herceg Novi YUG"]
[Date "2001.05.20"]
[Round "7"]
[White "Kovacevic,A"]
[Black "Perunovic,Mil"]
[Result "1-0"]
[WhiteElo "2527"]
[BlackElo "2471"]

1.e4 c5 2.Nf3 Nc6 3.d4 cxd4 4.Nxd4 Qc7 5.Nc3 e6 6.Be2 a6 7.O-O Nf6 8.Be3 Bb4
9.Na4 Be7 10.Nxc6 bxc6 11.Nb6 Rb8 12.Nxc8 Qxc8 13.Bd4 c5 14.Be5 Rb6 15.Qd3 Qc6
16.Bf3 d6 17.Bxf6 gxf6 18.b3 c4 19.Qe3 Rb5 20.bxc4 Re5 21.Qh6 Rg8 22.Rab1 Reg5
23.Rb8+ Kd7 24.Rxg8 Rxg8 25.Qxh7 Rb8 26.e5 Qxc4 27.exd6 Kxd6 28.Qxf7 Qc5
29.Rd1+  1-0

[Event "TCh-YUG Women"]
[Site "Herceg Novi YUG"]
[Date "2001.05.20"]
[Round "7"]
[White "Bjelajac Prokopovic,O"]
[Black "Djukic,S"]
[Result "1-0"]
[WhiteElo "2018"]
[BlackElo "2197"]

1.e4 c5 2.Nf3 Nc6 3.d4 cxd4 4.Nxd4 Qc7 5.Nc3 e6 6.Ndb5 Qb8 7.a4 a6 8.Na3 Nf6
9.Bd3 Bc5 10.Nc4 O-O 11.Be3 Bxe3 12.Nxe3 b6 13.O-O Bb7 14.f4 Nb4 15.e5 Nfd5
16.Nexd5 Nxd5 17.Nxd5 Bxd5 18.Qh5 g6 19.Qg5 Re8 20.Ra3 b5 21.axb5 Qb6+ 22.Kh1 axb5
23.Rxa8 Rxa8 24.h4 Bc6 25.h5 Qd8 26.Qg3 Kg7 27.b3 Qe7 28.f5 exf5 29.Rxf5 Re8
30.Kh2 Kh8 31.hxg6 fxg6 32.Rg5 Rg8 33.Qh4 Qe6 34.Qg3 Rg7 35.Qh4 Kg8 36.Qg3 Qe7
37.Qe3 Qb4 38.Qg3 Bd5 39.Rg4 Qc5 40.Rg5 Be6 41.Qh4 Bf5 42.Qg3 h6 43.Rxf5 gxf5
44.Qf4 Rg5 45.Bxf5 Qf8 46.g4 Kg7 47.Qd4 Kg8 48.Qxd7 Kh8 49.Qh7+  1-0

[Event "TCh-YUG"]
[Site "Herceg Novi YUG"]
[Date "2001.05.21"]
[Round "8"]
[White "Todorovic,GM"]
[Black "Djukic,Z YUG"]
[Result "1-0"]
[WhiteElo "2494"]
[BlackElo "2394"]

1.e4 c5 2.Nf3 Nc6 3.d4 cxd4 4.Nxd4 Qc7 5.Nc3 e6 6.Be3 a6 7.Qd2 Nf6 8.f3 b5
9.O-O-O Bb7 10.Kb1 b4 11.Na4 d5 12.Nxc6 Bxc6 13.Nb6 Rd8 14.Bxa6 d4 15.Bxd4 e5
16.Nd5 Nxd5 17.exd5 Rxd5 18.Qe2 Be7 19.Bf2 Ra5 20.Bc4 O-O 21.Rhe1 Qb7 22.Bg3 Bf6
23.Rd6 Be7 24.Rdd1 Bf6 25.Bb3 Rfa8 26.Qc4 h5 27.Rd6 Ba4 28.Bxa4 Rxa4 29.Bxe5 Bxe5
30.Rxe5 Qa7 31.Red5 g6 32.Rd8+ Kh7 33.R5d7 Qg1+ 34.Rd1 Qa7 35.R1d7 Qg1+ 36.Rd1 Qa7
37.R8d7 Rf8 38.Rxa7 Rxa7 39.Qxb4 Kg8 40.a4 Re8  1-0

[Event "XXVI Elekes Mem GM"]
[Site "Budapest HUN"]
[Date "2001.05.25"]
[Round "5"]
[White "Rajlich,V"]
[Black "Horvath,Jo"]
[Result "1/2-1/2"]
[WhiteElo "2337"]
[BlackElo "2551"]

1.e4 c5 2.Nf3 Nc6 3.d4 cxd4 4.Nxd4 Qb6 5.Nb3 Nf6 6.Nc3 e6 7.Be3 Qc7 8.Qd2 Bb4
9.f3 d5 10.a3 Bxc3 11.Qxc3 dxe4 12.fxe4 O-O 13.Bd3 b6 14.O-O Bb7 15.Nd4 Rac8
16.Rxf6 Nxd4 17.Qxc7 Rxc7 18.Bxd4 gxf6 19.Bxf6 Rfc8 20.Rd1 h6 21.Rd2 Rd7
22.Rf2 Rxd3 23.cxd3 Rc1+ 24.Rf1 Rxf1+ 25.Kxf1 Kh7 26.Bd4 Kg6 27.Kf2 h5 28.Kg3 Ba6
29.Kf4 Bxd3 30.Ke5 Kg5 31.Be3+ Kg4 32.Kf6 Bxe4 33.Kxf7 Kf5 34.g3 Bd5 35.Ke7 Ke4
36.Bg5 a5 37.Kd6 a4 38.Bd8 b5 39.Bf6 Bc4 40.Be5 Kf3 41.h4  1/2-1/2

[Event "IX Guillermo Garcia Mem"]
[Site "Santa Clara CUB"]
[Date "2001.05.25"]
[Round "3"]
[White "Gongora,M"]
[Black "Vazquez,R"]
[Result "1-0"]
[WhiteElo "2417"]
[BlackElo "2393"]

1.e4 c5 2.Nf3 Nc6 3.d4 cxd4 4.Nxd4 Qc7 5.Nb5 Qb8 6.Bd3 Nf6 7.f4 d6 8.O-O a6
9.N5c3 e6 10.Be3 b5 11.Qf3 Bb7 12.Qh3 Be7 13.Nd2 Nb4 14.Nf3 Nxd3 15.cxd3 O-O
16.f5 Qc8 17.g4 b4 18.Ne2 Qc2 19.Nf4 e5 20.Rf2 Qc6 21.Ng2 h6 22.g5 hxg5 23.Nxg5 d5
24.Qh4 dxe4 25.dxe4 Bc5 26.Rf3 Rfd8 27.Rh3 Bxe3+ 28.Nxe3 Kf8 29.Qh8+ Ke7
30.Qxg7 Rf8 31.Rh6 Qb6 32.Kh1 Rac8 33.Ng4 Rc6 34.Nxe5 Ne8 35.Nxc6+  1-0

[Event "TCh-YUG Final"]
[Site "Herceg Novi YUG"]
[Date "2001.05.26"]
[Round "1.2"]
[White "Perunovic,Mil"]
[Black "Ivanisevic,I"]
[Result "1-0"]
[WhiteElo "2471"]
[BlackElo "2557"]

1.e4 c5 2.Nf3 Nc6 3.d4 cxd4 4.Nxd4 Qc7 5.Nc3 e6 6.f4 Nxd4 7.Qxd4 a6 8.Be3 b5
9.Be2 Bb7 10.a3 Rc8 11.Rd1 h5 12.O-O Nf6 13.Kh1 Bc5 14.Qxc5 Qxc5 15.Bxc5 Rxc5
16.Bf3 Ng4 17.Rd3 g5 18.e5 Bc6 19.Bxc6 Rxc6 20.h3 Nh6 21.fxg5 Nf5 22.Rfd1 Rc7
23.R1d2 Ke7 24.Ne4 Rd8 25.g3 Rc4 26.Nf6 d5 27.exd6+ Rxd6 28.Nxh5 Rxd3 29.cxd3 Rc5
30.h4 a5 31.Kg2 b4 32.Nf6 b3 33.Ne4 Rc1 34.h5 Ne3+ 35.Kf3 Nc2 36.h6 Nd4+
37.Ke3 Nc2+ 38.Kf4 Rh1 39.Nf2 Rh2 40.Ng4 Rh1 41.Rh2 Rxh2 42.Nxh2 Kf8 43.Nf3 Kg8
44.Ke4 a4 45.d4 Kh7 46.Kd3  1-0

[Event "ch-IND"]
[Site "New Delhi IND"]
[Date "2001.06.02"]
[Round "19"]
[White "Konguvel,P"]
[Black "Sahu,S"]
[Result "0-1"]
[WhiteElo "2383"]
[BlackElo "2325"]

1.e4 c5 2.Nf3 Nc6 3.d4 cxd4 4.Nxd4 Qc7 5.Nb5 Qb8 6.Bd3 a6 7.N5c3 b5 8.O-O e6
9.Be3 Nf6 10.f4 d6 11.Nd2 Be7 12.Qf3 Bb7 13.Qh3 h5 14.Kh1 Ng4 15.Bg1 Qc7
16.a4 b4 17.Nd1 g5 18.Ne3 O-O-O 19.Nxg4 hxg4 20.Qxg4 gxf4 21.Qxf4 Ne5 22.Nf3 Rh7
23.Nxe5 dxe5 24.Qe3 Rdh8 25.h3 f5 26.Qb6 fxe4 27.Qxe6+ Kb8 28.Bb6 Rxh3+ 29.gxh3 exd3+
30.Kh2 Qxc2+ 31.Rf2 Qc8 32.Qxe5+ Ka8 33.Qf5 Bd6+ 34.Kg1 Qc6 35.Qf3 Qxb6 36.Qxd3 Rf8
37.Rf1 Rg8+  0-1

[Event "White Nights"]
[Site "St Petersburg RUS"]
[Date "2001.06.11"]
[Round "3"]
[White "Yagupov,I"]
[Black "Fominyh,A"]
[Result "0-1"]
[WhiteElo "2448"]
[BlackElo "2571"]

1.e4 c5 2.Nf3 Nc6 3.d4 cxd4 4.Nxd4 Qc7 5.Nc3 e6 6.Be3 a6 7.Bd3 Nf6 8.O-O Bd6
9.g3 h5 10.Be2 Be7 11.f4 d6 12.Bf3 Bd7 13.Nb3 Rc8 14.h3 Na5 15.Nxa5 Qxa5
16.g4 hxg4 17.hxg4 g5 18.f5 Bc6 19.fxe6 fxe6 20.Bd4 Rh4 21.Kg2 Kd7 22.Rh1 Rxh1
23.Kxh1 Rf8 24.a3 Kc8 25.b4 Qc7 26.Qe2 Nd7 27.Rf1 Bf6 28.Bxf6 Rxf6 29.Bg2 Rxf1+
30.Qxf1 Qd8 31.Qc4 Qf6 32.b5 axb5 33.Nxb5 Qa1+ 34.Bf1 Nc5 35.Nxd6+ Kc7 36.Nb5+ Kb8
37.Nc3 Qxa3 38.Kg1 Nd7 39.Qd4 e5 40.Qe3 Nc5 41.Qg3 Nd7 42.Qe3 Qb4 43.Bg2 Kc7
44.Kh2 Kd6 45.Ne2 Qe1 46.Qa3+ Kc7 47.Ng3 Qd2 48.c3 Qf4 49.Qe7 Qf6 50.Qh7 Kb6
51.Nf5 Nc5 52.Qg8 Nxe4 53.Qb3+ Kc7 54.Qb4 Nd6 55.Bxc6 Kxc6 56.Qa4+ Kc7 57.Qa5+ b6
58.Qa7+ Nb7 59.Qa3 Qh8+ 60.Kg2 Qd8 61.Qa2 Nc5 62.Ne3 Kc6 63.c4 Kb7 64.Nd5 Qd7
65.Qe2 e4 66.Kh3 Qh7+ 67.Kg2 Qd7 68.Kh3 Qe6 69.Qe3 Qe5 70.Qf2 Qe6 71.Qf5  0-1

[Event "Smartchess.com Int"]
[Site "New York USA"]
[Date "2001.06.13"]
[Round "9"]
[White "Stripunsky,A"]
[Black "Charbonneau,P"]
[Result "1-0"]
[WhiteElo "2497"]
[BlackElo "2407"]

1.e4 c5 2.Nf3 Nc6 3.d4 cxd4 4.Nxd4 Qc7 5.Nc3 e6 6.Be3 a6 7.Bd3 Nf6 8.O-O Ne5
9.f4 Neg4 10.Bd2 Bc5 11.Ne2 d6 12.h3 e5 13.c3 exd4 14.cxd4 Ba7 15.hxg4 Bxg4
16.Be3 O-O 17.Qd2 Bxe2 18.Qxe2 Rae8 19.Qf3 Qd7 20.Rad1 Nxe4 21.Bxe4 Qe6 22.Bxb7 Qxe3+
23.Qxe3 Rxe3 24.Bxa6 Re4 25.Kh2 Rb8 26.b3 Rxd4 27.Bc4 Kf8 28.a4 Ke7 29.Rfe1+ Kf6
30.Rxd4 Bxd4 31.Rd1 Bc5 32.a5 Ke7 33.a6 Kd7 34.Bd5 Ba7 35.Bb7 Re8 36.b4 Re3
37.Rd5 Kc7 38.Rb5 Ra3 39.Rf5 f6 40.Rh5 h6 41.Rd5 Ra4 42.Rb5 Bb6 43.f5 Bd4
44.Kh3 Ra3+ 45.Kg4 h5+ 46.Kxh5 Rg3 47.Bf3 Bf2 48.Rb7+ Kc8 49.Bg4 Rxg2 50.Rxg7 Be3
51.Re7 Bd4 52.a7  1-0

[Event "Savic-Mauzer Mem"]
[Site "Bijeljina YUG"]
[Date "2001.06.17"]
[Round "2"]
[White "Stojanovic,Da"]
[Black "Cosma,I"]
[Result "0-1"]
[WhiteElo "2360"]
[BlackElo "2467"]

1.e4 c5 2.Nf3 Nc6 3.d4 cxd4 4.Nxd4 Qc7 5.Nc3 e6 6.Be2 a6 7.O-O Nf6 8.Kh1 Nxd4
9.Qxd4 Bc5 10.Qd3 b5 11.f4 Bb7 12.Bf3 O-O 13.e5 Ne8 14.Bxb7 Qxb7 15.f5 f6
16.Bf4 Qc6 17.Rad1 exf5 18.Qxf5 fxe5 19.Qxe5 Nf6 20.Qc7 Qxc7 21.Bxc7 Rac8
22.Bg3 b4 23.Na4 Ba7 24.c3 bxc3 25.Nxc3 d5 26.Bd6 Rf7 27.Be5 Ne4 28.Rxf7 Kxf7
29.Nxe4 dxe4 30.Bc3 Bf2 31.g3 e3 32.Be1 e2 33.Rb1 Rd8  0-1

[Event "ch-CRC"]
[Site "San Jose CRC"]
[Date "2001.06.26"]
[Round "1"]
[White "Trejos,E"]
[Black "Hernandez Basante,F"]
[Result "1/2-1/2"]
[WhiteElo "2200"]
[BlackElo "2265"]

1.e4 c5 2.Nf3 Nc6 3.d4 cxd4 4.Nxd4 Qc7 5.Nc3 e6 6.Be3 a6 7.Be2 Nf6 8.f4 Bb4
9.Bf3 d5 10.exd5 Nxd5 11.Bxd5 Bxc3+ 12.bxc3 exd5 13.O-O O-O 14.Qh5 f5  1/2-1/2

[Event "TCh-Europe Boys U18"]
[Site "Balatonlelle HUN"]
[Date "2001.06.27"]
[Round "5"]
[White "Brychta,J"]
[Black "Flumbort,A"]
[Result "1/2-1/2"]
[WhiteElo "2157"]
[BlackElo "2356"]

1.e4 c5 2.Nf3 Nc6 3.d4 cxd4 4.Nxd4 Qc7 5.Nc3 e6 6.g3 a6 7.Bg2 Nf6 8.O-O Bc5
9.Be3 Ne5 10.h3 O-O 11.b3 d6 12.Na4 Ba7 13.c4 Bd7 14.Nb2 Rfc8 15.Qd2 Be8
16.Rac1 Rd8 17.g4 Rac8 18.g5 Nfd7 19.Kh1 Ng6 20.Nc2 Bxe3 21.Nxe3 Nh4 22.f4 Nc5
23.b4 Nxg2 24.Qxg2 Nxe4 25.Kh2 f5 26.gxf6 Nxf6 27.Ng4 Qe7 28.Rce1 Bc6 29.Qg1 Rf8
30.Nh6+ Kh8 31.Nf5 Qd7 32.Rxe6 Nh5 33.Nd4 Nxf4 34.Re3 Ng6 35.Nd3 Rxf1 36.Qxf1 Re8
37.Qe1 Rxe3 38.Qxe3 Qe7 39.Qxe7 Nxe7 40.Kg3 Be4 41.Nf2 Bb1 42.a3 Ng6 43.c5 dxc5
44.bxc5 Ne5 45.Kf4 Nc4 46.Ne6 Kg8 47.Nd8 Kf8 48.Nxb7 Ke7 49.c6 Nxa3 50.Nc5 Kd6
51.c7 Kxc7 52.Nxa6+ Kd6 53.Ne4+ Bxe4 54.Kxe4 Nc2 55.Kd3 Ne1+ 56.Ke2 Ng2 57.Kf3 Ne1+
58.Ke2  1/2-1/2

[Event "TCh-Europe Boys U18"]
[Site "Balatonlelle HUN"]
[Date "2001.06.29"]
[Round "7"]
[White "Zaragatski,I"]
[Black "Perunovic,Mil"]
[Result "1/2-1/2"]
[WhiteElo "2209"]
[BlackElo "2471"]

1.e4 c5 2.Nf3 Nc6 3.d4 cxd4 4.Nxd4 Qc7 5.Nc3 e6 6.Be3 a6 7.Bd3 Nf6 8.O-O Ne5
9.Nf3 d6 10.Nxe5 dxe5 11.Na4 Bd7 12.c4 Bc6 13.Qc2 Nd7 14.a3 Bxa4 15.Qxa4 Bc5
16.Bxc5 Qxc5 17.b4 Qc7 18.c5 O-O 19.Rfd1 Nb8 20.Qb3 Nc6 21.a4 Nd4 22.Qc4 Rfc8
23.Rdc1 g6 24.Ra3 Qe7 25.Rac3 b5 26.Qa2 a5 27.bxa5 Rxa5 28.c6 Rxa4 29.Qb2 Qb4
30.Qxb4 Rxb4 31.c7 Kf8 32.Ra3 Ke7 33.Ra7 f5 34.f3 Rb3 35.Bf1 Kd6 36.Rb7 Kd7
37.Rc5 Rb1 38.Kf2 Kd6 39.Rc3 b4 40.Rc4 b3 41.Rc3 b2 42.Ba6 Kd7 43.Bd3 Rc1
44.Ra3 Ra1 45.Rc3 Rc1 46.Ra3 Ra1  1/2-1/2

[Event "12th Open"]
[Site "Ljubljana SLO"]
[Date "2001.06.29"]
[Round "7"]
[White "Golja,M"]
[Black "Ziberna,K"]
[Result "0-1"]
[WhiteElo "2085"]
[BlackElo "2106"]

1.e4 c5 2.Nf3 Nc6 3.d4 cxd4 4.Nxd4 Qc7 5.Nc3 e6 6.Be2 a6 7.O-O Nf6 8.a3 b5
9.Nxc6 dxc6 10.Bg5 Nd7 11.Qd2 e5 12.b4 a5 13.bxa5 Bc5 14.Be3 O-O 15.Nb1 Qxa5
16.Qxa5 Rxa5 17.Bxc5 Nxc5 18.Nd2 Be6 19.f3 Rfa8 20.c4 b4 21.Rfb1 Rxa3 22.Rxa3 bxa3
23.Ra1 a2 24.Kf2 Ra3 25.Ke1 Na6 26.Kd1 Nb4 27.Kc1 Rc3+ 28.Kd1 Kf8 29.Nf1 Bxc4
30.Bxc4 Rxc4 31.Ne3 Rc3 32.Nf1 Rc2 33.Nd2 c5 34.g3 c4 35.Nb1 Rxh2  0-1

[Event "6th Leg Russian Cup"]
[Site "Tomsk RUS"]
[Date "2001.07.02"]
[Round "3"]
[White "Kurnosov,I"]
[Black "Fominyh,A"]
[Result "1-0"]
[WhiteElo "2375"]
[BlackElo "2571"]

1.e4 c5 2.Nf3 Nc6 3.d4 cxd4 4.Nxd4 Qc7 5.Nc3 e6 6.Ndb5 Qb8 7.Be3 a6 8.Bb6 axb5
9.Nxb5 Bb4+ 10.c3 Ba5 11.Nc7+ Qxc7 12.Bxc7 Bxc7 13.Qg4 g6 14.Bc4 Nge7 15.Qe2 O-O
16.O-O d5 17.Bb5 e5 18.exd5 Nxd5 19.Rfd1 Be6 20.Qf3 Nde7 21.a4 Bb3 22.Rd7 Rac8
23.c4 Bc2 24.Qf6 Nf5 25.Bxc6 bxc6 26.Qxc6 Nd4 27.Qb7 Ne6 28.b4 Bf5 29.Rad1 Bc2
30.Ra1 Bf5 31.Re7 Kg7 32.a5 Bd6 33.Rxf7+ Rxf7 34.Qxc8 Bxb4 35.f3 Bc3 36.Rd1 Nc7
37.Qb8 Be6 38.c5 Bd4+ 39.Kh1 Bc4 40.c6 Be2 41.Rb1 Kh6 42.Qd8 Nb5 43.Rxb5 Bxb5
44.Qd5  1-0

[Event "Open"]
[Site "Andorra AND"]
[Date "2001.07.03"]
[Round "4"]
[White "Reinaldo Castineira,R"]
[Black "Comas Fabrego,L"]
[Result "0-1"]
[WhiteElo "2403"]
[BlackElo "2510"]

1.e4 c5 2.Nf3 Nc6 3.d4 cxd4 4.Nxd4 Qc7 5.Nc3 e6 6.Be3 a6 7.Bd3 Nf6 8.O-O Ne5
9.h3 Bc5 10.Kh1 d6 11.f4 Ng6 12.Qf3 O-O 13.Rae1 Bd7 14.Nb3 Bxe3 15.Qxe3 e5
16.fxe5 dxe5 17.Rxf6 gxf6 18.Qh6 Be6 19.Rf1 Rfd8 20.Rxf6 Qe7 21.Qg5 Re8 22.Nd5 Bxd5
23.exd5 Kg7 24.Rf5 Qxg5 25.Rxg5 e4 26.Be2 Kf6 27.Rg3 Nf4 28.Nd4 Ke5 29.c3 Rg8
30.Re3 Nxd5 31.Nf3+ Kf4  0-1